Zur Beschäftigungsdiskriminierenden Wirkung des Frauenarbeitsschutzes
Na minha lista:
| Autor principal: | |
|---|---|
| Formato: | Livro |
| Idioma: | alemão |
| Publicado em: |
Wien
Institut für Höhere Studien
1985
|
| Colecção: | Forschungsbericht
No. 216 |
| Tags: |
Sem tags, seja o primeiro a adicionar uma tag!
|
MARC
| LEADER | 00000nam a2200000 4500 | ||
|---|---|---|---|
| 001 | c110600 | ||
| 005 | 20221207071243.2 | ||
| 041 | 0 | |a ger | |
| 044 | |a AT | ||
| 245 | 1 | 0 | |a Zur Beschäftigungsdiskriminierenden Wirkung des Frauenarbeitsschutzes |c Margith Wiederschwinger |
| 264 | 1 | |a Wien |b Institut für Höhere Studien |c 1985 | |
| 300 | |a 41 s. | ||
| 490 | 1 | |a Forschungsbericht |v No. 216 | |
| 830 | 0 | |a Forschungsbericht |v No. 216 | |
| 100 | 1 | |a Wiederschwinger, Margith | |